000 00255nam a22000977a 4500
008 240220b |||||||| |||| 00| 0 eng d
082 _aC
_bALVC
100 1 0 _aAlvarez, Rosanela
_eautor
_943467
245 _a¿Cómo es tu mamá?
_cRosanela Alvarez
942 _2ddc
999 _c30664
_d17048